000
00253nam a2200097Ia 4500
001
843635
005
20250826173245.0
008
250824s9999 xx 000 0 und d
245
0
_a
BİLGE ÇOCUK
_c
AHMET FARUK KILIÇ
260
_b
DİYANET İŞLERİ YAYINLARI
999
_c
843635
_d
843635